हिन्दी ज्ञानेश्वरी / (Record no. 121101)

MARC details
000 -LEADER
fixed length control field 01298nam a22002657a 4500
005 - DATE AND TIME OF LATEST TRANSACTION
control field 20170124103207.0
010 ## - LIBRARY OF CONGRESS CONTROL NUMBER
LC control number A-743545
020 ## - INTERNATIONAL STANDARD BOOK NUMBER
Terms of availability 125.00
035 ## - SYSTEM CONTROL NUMBER
System control number A-743545
037 ## - SOURCE OF ACQUISITION
Source of stock number/acquisition Cen Lib/Ret
040 ## - CATALOGING SOURCE
Original cataloging agency DPL
Language of cataloging HN
082 ## - DEWEY DECIMAL CLASSIFICATION NUMBER
Classification number 181.45
Item number ज्ञानेश्व
245 ## - TITLE STATEMENT
Title हिन्दी ज्ञानेश्वरी /
Statement of responsibility, etc अनुवादक रघुनाथ माधव भगाड़े
246 ## - VARYING FORM OF TITLE
Title proper/short title Hindi gyaneshwari /
Remainder of title anuvadak Raghunath Madhav Bhagaade
260 ## - PUBLICATION, DISTRIBUTION, ETC. (IMPRINT)
Place of publication, distribution, etc दिल्ली
Name of publisher, distributor, etc चौखम्बा संस्कृत प्रतिष्ठान प्रकाशन
270 ## - ADDRESS
Address 37,यू,ए . बंगलो रोड जवाहर नगर
City दिल्ली
Postal code 110007
300 ## - PHYSICAL DESCRIPTION
Extent 720पृष्ठ
Dimensions 19सेमी(सजिल्द )
490 ## - SERIES STATEMENT
Series statement ब्रज जीवन प्राच्य भारती ग्रंथमाला - 63
650 ## - SUBJECT ADDED ENTRY--TOPICAL TERM
Topical term or geographic name as entry element दर्शन शास्त्र
9 (RLIN) 110638
650 ## - SUBJECT ADDED ENTRY--TOPICAL TERM
Topical term or geographic name as entry element ज्ञान विज्ञान योग
9 (RLIN) 110639
650 ## - SUBJECT ADDED ENTRY--TOPICAL TERM
Topical term or geographic name as entry element Philosophy
9 (RLIN) 110640
650 ## - SUBJECT ADDED ENTRY--TOPICAL TERM
Topical term or geographic name as entry element Knowledge Science Yoga
9 (RLIN) 94628
700 ## - ADDED ENTRY--PERSONAL NAME
Personal name रघुनाथ माधव भगाड़े
9 (RLIN) 110641
942 ## - ADDED ENTRY ELEMENTS (KOHA)
Source of classification or shelving scheme Dewey Decimal Classification
Koha item type Hindi Books
Classification part 181.45
Call number suffix ज्ञानेश्व
Holdings
Withdrawn status Lost status Damaged status Not for loan Home library Current library Date acquired Source of acquisition Cost, normal purchase price Total Checkouts Total Renewals Full call number Barcode Date last seen Date checked out Copy number Cost, replacement price Price effective from Koha item type
        Central Library Central Library 01/10/2015 1 125.00 1 1 181.45 ज्ञानेश्व A-743545 07/09/2019 10/08/2019 1 125.00 01/10/2015 Hindi Books

© Delhi Public Library
Hit Counter
free hit counter